000 00450nam a2200145Ia 4500
008 151213s9999 xx 000 0 und d
100 _aRecce .Franklin
245 _aThe Consultant Guide to Publicity : How to make name for yourself by Promoting Your Expertise
_cRecce .Franklin
260 _aNew York
_bJohn Wiley & Sons
_c1996
300 _a2834 p.
650 _aMarketing
650 _aMarketing
700 _aRecce .Franklin
999 _c1944
_d1944